| 000 | 00387nam a2200169Ia 4500 | ||
|---|---|---|---|
| 008 | 230524s9999 xx 000 0 und d | ||
| 020 | _a8183710298 | ||
| 082 | _bSHA | ||
| 100 |
_aA.C. Shalini _942008 |
||
| 245 | 0 | _aSystem Software | |
| 250 | _a1 | ||
| 260 |
_aChennai _bScitech _c2010 |
||
| 300 | _a"1, 1-14p;" | ||
| 500 | _aQuantity Number: 1 | ||
| 650 | _aComp-Sc | ||
| 942 | _cBK | ||
| 999 |
_c56421 _d56421 |
||